| 000 -LEADER |
| fixed length control field |
00572cam a2200205 a 4500 |
| 020 ## - INTERNATIONAL STANDARD BOOK NUMBER |
| ISBN |
0072294663 |
| 020 ## - INTERNATIONAL STANDARD BOOK NUMBER |
| ISBN |
0072294841 (AIE) |
| 020 ## - INTERNATIONAL STANDARD BOOK NUMBER |
| ISBN |
0072294817 (CDROM) |
| 040 ## - CATALOGING SOURCE |
| Transcribing agency |
UKM |
| 082 ## - DEWEY DECIMAL CLASSIFICATION NUMBER |
| Classification number |
512 HIL 2000 A032 Or. |
| 100 1# - MAIN ENTRY--AUTHOR NAME |
| Personal name |
Dugopolski, Mark |
| 245 10 - TITLE STATEMENT |
| Title |
Intermediate algebra / |
| 250 ## - EDITION STATEMENT |
| Edition statement |
Ed. 3 |
| 260 ## - PUBLICATION, DISTRIBUTION, ETC. (IMPRINT) |
| Place of publication |
Boston ; |
| -- |
London : |
| Name of publisher |
McGraw Hill, |
| Year of publication |
c2000 |
| 300 ## - PHYSICAL DESCRIPTION |
| Number of Pages |
xviii, 663, [48], [7] p. : |
| Other physical details |
ill. (some col.) ; |
| Dimensions |
26 cm |
| 500 ## - GENERAL NOTE |
| General note |
Previous ed.: Reading, Mass. : Addison-Wesley, 1996 |
| 500 ## - GENERAL NOTE |
| General note |
Includes indexes |
| 650 #0 - SUBJECT ADDED ENTRY--TOPICAL TERM |
| Topical Term |
Algebra |
| 942 ## - ADDED ENTRY ELEMENTS (KOHA) |
| Koha item type |
សៀវភៅភាសាអង់គ្លេស |
| 952 ## - LOCATION AND ITEM INFORMATION (KOHA) |
| Withdrawn status [LOCAL, KOHA] |
0 |